Lisani Rishtay/ (Record no. 614291)

000 -LEADER
fixed length control field 00488nam a22001697a 4500
020 ## - INTERNATIONAL STANDARD BOOK NUMBER
International Standard Book Number 978-969-562-743-3
082 ## - DEWEY DECIMAL CLASSIFICATION NUMBER
Classification number 491.439
Author Mark JEN
100 ## - MAIN ENTRY--PERSONAL NAME
Personal name Gyan Chand Jain
245 ## - TITLE STATEMENT
Title Lisani Rishtay/
260 ## - PUBLICATION, DISTRIBUTION, ETC.
Place of publication, distribution, etc. Lahore:
Name of publisher, distributor, etc. Fiction House,
Date of publication, distribution, etc. 2019.
300 ## - PHYSICAL DESCRIPTION
Extent 264 p.
Dimensions 22cm,
563 ## - BINDING INFORMATION
Binding note HB.
880 ## - ALTERNATE GRAPHIC REPRESENTATION
Linkage 100-01\(3\r
Title گیان چند جین
880 ## - ALTERNATE GRAPHIC REPRESENTATION
Linkage 245-02\(03\r
Title /لسانی رشتے
880 ## - ALTERNATE GRAPHIC REPRESENTATION
Linkage 260-03\(03\r
Title :لاہور
b فکشن ہاؤس
c 2019.
942 ## - ADDED ENTRY ELEMENTS (KOHA)
Source of classification or shelving scheme
Koha item type Book
Holdings
Withdrawn status Lost status Source of classification or shelving scheme Damaged status Not for loan Permanent Location Current Location Shelving location Date acquired Total Checkouts Full call number Barcode Date last seen Price effective from Koha item type
          Central Library (CL) Central Library (CL) Urdu Literature 07/12/2025   491.439 JEN CL-D-2791 07/12/2025 07/12/2025 Book
© 2023 Central Library, National University of Sciences and Technology. All Rights Reserved.